|
|
|
|
| LEADER |
00000nam2a2200000 4500 |
| 001 |
110762 |
| 005 |
20231031120553.0 |
| 035 |
|
|
|a (RuTPU)RU\TPU\book\119621
|
| 035 |
|
|
|a RU\TPU\book\98975
|
| 090 |
|
|
|a 110762
|
| 100 |
|
|
|a 20070301d1974 km y0rusy50 ca
|
| 101 |
0 |
|
|a rus
|
| 102 |
|
|
|a RU
|
| 105 |
|
|
|a a ad 001zy
|
| 200 |
0 |
|
|a Т. 19: РСФСР, Алтайский край, Кемеровская область. Период 1941-1945 г. Вып. 1: Опубликованные работы
|f Академия наук СССР (АН СССР), Сибирское отделение (СО), Институт геологии и геофизики (ИГиГ) ; под ред. Э. М. Сендерзона
|
| 210 |
|
|
|a Новосибирск
|c Наука
|d 1974
|
| 215 |
|
|
|a 132 с.
|c ил.
|
| 320 |
|
|
|a Библиогр.: с. 120-130.
|
| 461 |
|
1 |
|0 (RuTPU)RU\TPU\book\58444
|t Геологическая изученность СССР
|o [обзорные главы, рефераты, аннотации и библиографические справки]
|f Академия Наук СССР, Комиссия по геологической изученности СССР ; гл. ред. В. В. Тихомиров
|v Т. 19: РСФСР, Алтайский край, Кемеровская область. Период 1941-1945 г. Вып. 1: Опубликованные работы
|d 1961-1988
|
| 610 |
1 |
|
|a геологическая изученность
|
| 610 |
1 |
|
|a районирование
|
| 610 |
1 |
|
|a регионоведение
|
| 610 |
1 |
|
|a РСФСР
|
| 610 |
1 |
|
|a Алтайский край
|
| 610 |
1 |
|
|a Кемеровская область
|
| 610 |
1 |
|
|a Западная Сибирь
|
| 610 |
1 |
|
|a опубликованные источники
|
| 610 |
1 |
|
|a рефераты
|
| 610 |
1 |
|
|a библиографические пособия
|
| 675 |
|
|
|a 55
|v 3
|
| 675 |
|
|
|a 55(571.1)
|v 3
|
| 702 |
|
1 |
|a Сендерзон
|b Э. М.
|4 340
|
| 712 |
0 |
2 |
|a Академия наук СССР (АН СССР)
|b Сибирское отделение (СО)
|b Институт геологии и геофизики (ИГиГ)
|c (Новосибирск)
|2 stltpush
|3 (RuTPU)RU\TPU\col\128
|
| 801 |
|
1 |
|a RU
|b 63413507
|c 20050524
|g PSBO
|
| 801 |
|
2 |
|a RU
|b 63413507
|c 20120921
|g PSBO
|
| 942 |
|
|
|c BK
|